000
00317nam a22001457a 4500
008
211018b ||||| |||| 00| 0 eng d
020
_a
007035460X
041
_a
eng
080
_2
4th
_a
530
082
_a
530
100
_a
43
101
_a
FIZ
245
_a
The Physical Universe
_c
Krauskopf,K.B
942
_2
udc
_c
BK
999
_c
58242
_d
58242